|
|
|
|
| LEADER |
00840nam a2200205 a 4500 |
| 001 |
GR-MES772 |
| 008 |
991111s1990 gr 000 0 gre d |
| 040 |
|
|
|a GrPaTEI
|b gre
|c GR-PaULI
|
| 082 |
|
0 |
|a 3430999
|
| 245 |
0 |
0 |
|a Πληροφορική και Δίκαιο :
|b Συλλογή μελετών.
|
| 260 |
|
|
|a Αθήνα :
|b Σάκκουλας,
|c 1990
|
| 300 |
|
|
|a 262 σ., 24 εκ.
|
| 650 |
|
4 |
|a Δίκαιο
|
| 650 |
|
4 |
|a Ηλεκτρονικοί Υπολογιστές
|
| 650 |
|
4 |
|a Πληροφορική
|
| 700 |
1 |
|
|a Γέροντας, Αποστόλης
|
| 942 |
|
|
|2 ddc
|
| 952 |
|
|
|0 0
|1 0
|2 ddc
|4 0
|6 343_099900000000000_ΓΕΡ
|7 0
|9 264343
|a MSLG
|b MSLG
|c BSC
|d 2021-01-17
|e 24
|f 0
|g 0.00
|l 0
|o 343.0999 ΓΕΡ
|p 2420000001131
|r 2021-01-17 00:00:00
|t 1
|w 2021-01-17
|y BK15
|x 19991111 0 1
|x GrPaTEI
|
| 971 |
|
|
|a .b25718137
|b 01-10-20
|c 13-09-16
|
| 999 |
|
|
|c 152083
|d 152083
|